000 00519cam a2200157 a 4500
020 _a9241541490 (pbk.) :
040 _cDLC
082 0 0 _a362 WHO 1980 A107 Or.
245 0 0 _aTowards a better future :
_bmaternal and child health.
260 _aGeneva :
_bWorld Health Organization ;
_a[Albany, N.Y. :
_bSold by WHO Publications Centre USA],
_c1980.
300 _a42 p. :
_bill. ;
_c24 cm.
650 0 _aMaternal health services.
650 0 _aChild health services.
710 2 _aWorld Health Organization.
942 _cEK
999 _c16616
_d16616